000 00961nam a22003017a 4500
001 0000123
003 KOHA_MİRAKIL
005 20260207001200.0
007 ta
008 111004b tu |||gr||||#||||0|tur |
020 _a975511016X
_q9755110178
_cYTL11,69
040 _aTR-BiSEU
_btur
_cTR-BiSEU
_erda
041 0 _atur
044 _ctu
050 _aTA407.4
_b.B63 [t.y.]
100 1 _aBoduroğlu, Hasan.
245 0 _aÇözümlü mukavemet problemleri/
_cHasan Boduroğlu, Feridun Delale.
264 1 _aİstanbul :
_bBirsen Yayınevi
_c[t.y.]
300 _ac. , 216 sayfa: resimli
336 _ametin
_btxt
_2rdacontent
337 _aaracısız
_bn
_2rdamedia
338 _acilt
_bnc
_2rdacarrier
500 _aKütüphanede 1. c. var.
500 _ac.1. Uluslararası birim sistemi ile
650 0 _aMukavemet--Problemler, alıştırmalar vb.
_91831
650 0 _aMateryallerin gücü--Problemler, alıştırmalar vb.
_91832
942 _2lcc
_cBK
999 _c124
_d124